| 000 | 00503cab a2200181 4500 | ||
|---|---|---|---|
| 001 | X98467 | ||
| 008 | 090401t1999 xxu||||| |||| 00| 0 eng d | ||
| 035 | _a(Sirsi) u93188 | ||
| 041 | _aeng | ||
| 245 | _aLandlords warned | ||
| 260 | _c1999 | ||
| 350 | _a0 | ||
| 490 |
_aEstates Gazette _v(99170 1 May 1999, 125(1) |
||
| 650 | _aLANDLORD AND TENANT ACT 1985 S20 | ||
| 690 | _aPROPERTY-RESIDENTIAL PROPERTY-RESIDENTIAL LANDLORD AND TENANT-RESIDENTIAL TENANCIES | ||
| 942 | _n0 | ||
| 948 | _c07/05/1999 | ||
| 999 |
_c59064 _d59064 |
||